Namaz surelerinin Türkçe terceme ve tefsiri (Record no. 464)

MARC details
000 -BAŞLIK
Sabit Uzunlukta Kontrol Alanı 00865na a2200289 4500
001 - KONTROL NUMARASI
Denetim Alanı 12932
003 - KONTROL NUMARASI IDENTIFIER
Denetim Alanı MIRAKIL
005 - SON İŞLEM TARİHİ VE ZAMANI
Denetim Alanı 20181213154750.0
008 - SABİT-BOY VERİ ELEMANLARI - GENEL BİLGİLER
Sabit Uzunlukta Kontrol Alanı 160927b tu 000 0
020 ## - ULUSLARARASI STANDART KİTAP NUMARASI
Uluslararası Standart Kitap Numarası 975190191
035 ## - SİSTEM KONTROL NUMARASI
Sistem Kontrol Numarası 12932
040 ## - KATALOGLAMA KAYNAK
Orijinal Kataloglama Ajansı Milas
Kataloglama Dili tur
Metne Dönüştürmek Ajansı TR-AnCHP
082 ## - DEWEY ONLU SINIFLANDIRMA NUMARASI
Sınıflandırma Numarası 297.1229
Ürün Numarası A47n 2006
090 ## - SINIFLAMA NUMARASI
Sınıflama Numarası 297.1229 A47n 2006
100 ## - ANA GİRİŞ - KİŞİSEL İSİM
Kişisel Ad Akseki, A. Hamdi
245 ## - BAŞLIK TABLOSU
Başlık Namaz surelerinin Türkçe terceme ve tefsiri
Sorumluluk Tablosu, Vb A. Hamdi Akseki
250 ## - EDITION TABLOSU
Baskı Beyanı 18. bs.
260 ## - YAYIN, DAĞITIM, VB
Yayın, Dağıtım, Vb Yeri Ankara
Yayıncı, Dağıtıcı, Vs Adı Diyanet İşleri Başkanlığı
Yayın, Dağıtım, Vb Tarihi 2006
300 ## - FİZİKSEL TANIM
Kapsam 64 s.
Boyutlar 20 sm.
490 ## - SERİSİ TABLOSU
Seri Beyanı Diyanet İşleri Başkanlığı yayınları
Hacim / Ardışık Tanımı 22
490 ## - SERİSİ TABLOSU
Seri Beyanı Kaynak Eserler
Hacim / Ardışık Tanımı 4
650 ## - KONU KATMA GİRİŞ - TOPİKAL DÖNEM
Topikal Süreli Veya Coğrafi Ad Giriş Elemanı Kuran tercümesi
Genel Alt Bölümü Sureler
650 ## - KONU KATMA GİRİŞ - TOPİKAL DÖNEM
Topikal Süreli Veya Coğrafi Ad Giriş Elemanı Kuran sureleri
Genel Alt Bölümü Tefsir
650 ## - KONU KATMA GİRİŞ - TOPİKAL DÖNEM
Topikal Süreli Veya Coğrafi Ad Giriş Elemanı İslam kaynakları
Genel Alt Bölümü Sureler
Kronolojik Alt Bölümü Çeviri
650 ## - KONU KATMA GİRİŞ - TOPİKAL DÖNEM
Topikal Süreli Veya Coğrafi Ad Giriş Elemanı İslam kaynakları
Genel Alt Bölümü Sureler
-- Tefsir
942 ## - EKLENDİ GİRİŞ ELEMANLARI (KOHA)
Sınıflandırma Veya Raf Düzeni Kaynak Dewey Decimal Classification
Koha Öğesi Türü Books
999 ## - SİSTEM KONTROL NUMARALARI (KOHA)
Koha Biblionumber 464
Koha Biblioitemnumber 464
Holdings
Kalıcı Konum Mevcut Konum Edinme Tarihi Edinim Kaynak Toplam Check-Out'Lar Tam Çağrı Numarası Barkod Tarih Son Görülme İtibaren Geçerli Fiyatlar Koha Öğesi Türü
CHP Kütüphanesi CHP Kütüphanesi 08/03/2016 Bağış   297.1229 A47n 2006 000596 08/03/2016 08/03/2016 Books